000 00359 a2200169 4500
001 183305
020 _a85-01-03805-9
040 _cMagnum
100 _aMoraes Neto, Geneton
240 1 0 _aNitro glicerina pura
_lpor
245 1 0 _aNitro glicerina pura
300 _a
362 0 _a1992
440 1 _aRecord
697 _aLITERATURA GERAL
942 _cBK
999 _c183305
_d183305